[Event "6. Lovsprings EMT Basis 1 1994"]
[Site "Ringsted"]
[Date "1994.04.24"]]
[Round "4"]
[White "Rasmussen, Henning"]
[Black "Jorgensen, Gert"]
[Result "0-1"]
[WhiteElo "1883"]
[BlackElo "1785"]
[PlyCount "106"]
[EventDate "1994.??.??"]

1. Nf3 c5 2. c4 Nc6 3. d4 cxd4 4. Nxd4 d6 5. Nc3 g6 6. e4 Nf6 7. Be2 Bg7 8. Be3
O-O 9. O-O Bd7 10. f3 Ne5 11. Rc1 Rc8 12. Nd5 Nc6 13. Qd2 a6 14. Nxf6+ Bxf6 15.
f4 Nxd4 16. Bxd4 Bxd4+ 17. Qxd4 Qa5 18. a3 Qc5 19. Qxc5 dxc5 20. e5 Bc6 21. b3
Rcd8 22. Rfd1 f6 23. exf6 exf6 24. Kf2 Kf7 25. Bf3 Bxf3 26. Kxf3 f5 27. g3 Rfe8
28. Kf2 Kf6 29. Kf3 Rd4 30. Rxd4 cxd4 31. Kf2 Re3 32. Rb1 Rc3 33. h3 Ke6 34.
Re1+ Kd6 35. Re5 Rxb3 36. Rd5+ Kc6 37. Rxd4 Rxa3 38. Rd8 Rc3 39. Rc8+ Kd7 40.
Rh8 Rxc4 41. Rxh7+ Kc8 42. Rg7 Rc6 43. g4 fxg4 44. hxg4 b5 45. Ke3 b4 46. Rh7
b3 47. Rh1 a5 48. Ra1 b2 49. Rb1 Rb6 50. f5 gxf5 51. gxf5 a4 52. f6 a3 53. f7
Rf6 0-1

[Event "6. Lovsprings EMT Basis 1 1994"]
[Site "Ringsted"]
[Date "1994.04.24"]]
[Round "4"]
[White "Larsen, Bjorn"]
[Black "Lindskov, Villy"]
[Result "1-0"]
[WhiteElo "1877"]
[BlackElo "1785"]
[PlyCount "60"]
[EventDate "1994.??.??"]

1. d4 Nf6 2. Nf3 d5 3. e3 e6 4. Bd3 Nbd7 5. Nbd2 Be7 6. O-O O-O 7. c3 c6 8. Re1
h6 9. Qe2 b6 10. e4 dxe4 11. Nxe4 Bb7 12. Ne5 Rc8 13. Qf3 Nxe4 14. Nxd7 Qxd7
15. Qxe4 g6 16. Bxh6 Rfe8 17. Re3 Bf6 18. Qf4 Qe7 19. Rf3 Bg7 20. Bg5 Qc7 21.
Qh4 c5 22. Rh3 f5 23. Qh7+ Kf7 24. Bh6 Rg8 25. Rg3 cxd4 26. Rxg6 Kf8 27. Bxg7+
Qxg7 28. Rxg7 Rxg7 29. Qh6 Bxg2 30. Qxg7+ Kxg7 1-0

[Event "6. Lovsprings EMT Basis 1 1994"]
[Site "Ringsted"]
[Date "1994.04.24"]]
[Round "4"]
[White "Larsen, Soren M"]
[Black "Flindt, Thomas"]
[Result "1-0"]
[WhiteElo "1848"]
[BlackElo "1780"]
[PlyCount "121"]
[EventDate "1994.??.??"]

1. e4 c5 2. Nf3 Nc6 3. Bb5 a6 4. Bxc6 bxc6 5. d4 cxd4 6. Nxd4 Bb7 7. Nc3 g6 8.
O-O Bg7 9. Be3 d6 10. Qd2 Nf6 11. Nde2 O-O 12. Ng3 Ng4 13. Bg5 h6 14. Bh4 Ne5
15. Nge2 Nc4 16. Qc1 d5 17. Rb1 Qa5 18. exd5 cxd5 19. Nd1 d4 20. c3 d3 21. Nd4
Qd5 22. Nf3 g5 23. Bg3 Bf6 24. b3 d2 25. Qc2 Na3 26. Qb2 Nxb1 27. Qxb1 Rfd8 28.
c4 Qd3 29. Ne3 Bxf3 30. gxf3 Qxb1 31. Rxb1 e6 32. Rd1 Rd3 33. Kf1 Rad8 34. Ke2
Bc3 35. h3 Ba5 36. Be5 Kh7 37. Bg3 Bc3 38. f4 gxf4 39. Bxf4 Bf6 40. Bg3 Bg5 41.
h4 Be7 42. Nf1 R3d4 43. Rxd2 Bxh4 44. Bxh4 Re4+ 45. Kf3 Rxd2 46. Kxe4 Rxa2 47.
Kd3 Kg6 48. Nd2 Kh5 49. Bg3 Kg4 50. Ke3 h5 51. c5 Rc2 52. Nc4 h4 53. Bd6 f5 54.
c6 f4+ 55. Bxf4 Rc3+ 56. Kd4 Rf3 57. Ne5+ Kxf4 58. Nxf3 Kxf3 59. c7 h3 60. c8=Q
Kxf2 61. Qxe6 1-0

[Event "6. Lovsprings EMT Basis 1 1994"]
[Site "Ringsted"]
[Date "1994.04.24"]]
[Round "4"]
[White "Holst, Peter Stein"]
[Black "Pedersen, Henrik Dahl"]
[Result "1-0"]
[WhiteElo "1752"]
[BlackElo "1875"]
[PlyCount "51"]
[EventDate "1994.??.??"]

1. e4 g6 2. d4 Bg7 3. Nc3 d6 4. Be3 Nf6 5. f3 O-O 6. Qd2 e5 7. Nge2 Nh5 8. g4
exd4 9. Nxd4 Bxd4 10. Qxd4 Nc6 11. Qd2 Ne5 12. Qg2 Ng7 13. O-O-O Be6 14. h4 Qf6
15. Be2 Nc4 16. Bxc4 Bxc4 17. f4 b5 18. h5 Ne6 19. hxg6 fxg6 20. f5 b4 21. Nd5
Bxd5 22. Rxd5 Nd8 23. Qh3 Qe7 24. fxg6 hxg6 25. Qh8+ Kf7 26. Rh7+ 1-0

[Event "6. Lovsprings EMT Basis 1 1994"]
[Site "Ringsted"]
[Date "1994.04.24"]]
[Round "4"]
[White "Larsen, Jacob"]
[Black "Hansen, Morten Lyck"]
[Result "0-1"]
[WhiteElo "1759"]
[BlackElo "1826"]
[PlyCount "44"]
[EventDate "1994.??.??"]

1. d4 Nf6 2. f3 c5 3. d5 d6 4. e4 g6 5. c4 Bg7 6. Nc3 e6 7. dxe6 Bxe6 8. Bf4
O-O 9. Bxd6 Qb6 10. Bxf8 Bxf8 11. Qc2 Nc6 12. Bd3 Nb4 13. Qd2 Nxd3+ 14. Qxd3
Qxb2 15. Rb1 Qxg2 16. Qe2 Qxh1 17. Kd2 Bh6+ 18. Kc2 Bf4 19. Nd5 Bxd5 20. cxd5
Qxh2 21. Qxh2 Bxh2 22. Ne2 b6 0-1

[Event "6. Lovsprings EMT Basis 1 1994"]
[Site "Ringsted"]
[Date "1994.04.24"]]
[Round "4"]
[White "Hansen, Jens Hjort"]
[Black "Mott, Jens"]
[Result "0-1"]
[WhiteElo "1807"]
[BlackElo "1838"]
[PlyCount "82"]
[EventDate "1994.??.??"]

1. e4 e6 2. d4 d5 3. Nc3 Bb4 4. Bd2 dxe4 5. Qg4 Nf6 6. Qxg7 Rg8 7. Qh6 Qxd4 8.
O-O-O Rg6 9. Qh4 Rg4 10. Qh3 Qxf2 11. Be2 Rh4 12. Qxh4 Qxh4 13. g3 Bxc3 14.
gxh4 Be5 15. Bg5 Bd7 16. Nh3 Bc6 17. Rhf1 Nbd7 18. c4 a5 19. Bf4 Bxf4+ 20. Rxf4
Ke7 21. Rdf1 Rf8 22. b3 h6 23. Kd2 Ne8 24. Nf2 f5 25. Rg1 e5 26. Nh3 exf4 27.
Nxf4 Ne5 28. Ke3 b6 29. Kd4 Kf6 30. Nh5+ Ke6 31. Nf4+ Kd6 32. h5 Bb7 33. Ng6
c5+ 34. Ke3 Nxg6 35. hxg6 f4+ 36. Kf2 e3+ 37. Kf1 Ng7 38. h4 Be4 39. Rg4 Bf5
40. Rg1 Be4 41. Rg4 Ke5 0-1

[Event "6. Lovsprings EMT Basis 1 1994"]
[Site "Ringsted"]
[Date "1994.04.24"]]
[Round "4"]
[White "Jensen, Karsten"]
[Black "Madsen, Morten"]
[Result "1-0"]
[WhiteElo "1828"]
[BlackElo "1758"]
[PlyCount "99"]
[EventDate "1994.??.??"]

1. d4 c5 2. d5 d6 3. c4 g6 4. e3 Bg7 5. Nc3 Nf6 6. Bd3 O-O 7. Nge2 Nbd7 8. f4
a6 9. a4 e6 10. e4 exd5 11. exd5 Re8 12. O-O Ng4 13. Rf3 Qh4 14. h3 Bd4+ 15.
Nxd4 Re1+ 16. Qxe1 Qxe1+ 17. Rf1 Qg3 18. Nf3 Nh2 19. Ne4 Nxf3+ 20. Rxf3 Qe1+
21. Rf1 Qh4 22. Nxd6 Qf6 23. Ne4 Qd4+ 24. Nf2 Nf6 25. Rd1 Ne8 26. Bf1 Qg7 27.
Ne4 b6 28. Ra3 Ra7 29. Rb3 f5 30. Nf2 Rb7 31. Bd2 Bd7 32. Ra1 Nd6 33. Bc3 Qf8
34. Be5 a5 35. Re3 Rb8 36. b3 Re8 37. Rae1 Kf7 38. h4 h6 39. Be2 h5 40. Bd3 Qe7
41. Nh3 Ne4 42. Bxe4 fxe4 43. Ng5+ Kg8 44. Rxe4 Qf8 45. g3 Qf5 46. Kf2 Rxe5 47.
Rxe5 Qc2+ 48. R1e2 Qxb3 49. Re7 Qxa4 50. Ne4 1-0

[Event "6. Lovsprings EMT Basis 1 1994"]
[Site "Ringsted"]
[Date "1994.05.01"]]
[Round "5"]
[White "Jorgensen, Gert"]
[Black "Dongart, Dennis"]
[Result "1-0"]
[WhiteElo "1785"]
[BlackElo "1886"]
[PlyCount "87"]
[EventDate "1994.??.??"]

1. d4 Nf6 2. Nf3 g6 3. Bf4 Bg7 4. c3 O-O 5. h3 b6 6. Nbd2 Ba6 7. g4 d5 8. Ne5
Nfd7 9. Ndf3 f6 10. Nd3 c6 11. Nb4 Bb7 12. Qd2 e5 13. Bg3 e4 14. Nh4 Na6 15.
Nc2 Nc7 16. e3 Ne6 17. Be2 Bh6 18. Ng2 f5 19. gxf5 gxf5 20. Rg1 Kh8 21. Bd6 Rf7
22. Bh5 Rg7 23. Bg3 Qf6 24. O-O-O Rag8 25. Nf4 Nxf4 26. exf4 Nf8 27. Ne3 Ne6
28. Ng2 c5 29. Kb1 cxd4 30. cxd4 Ba6 31. Qe3 Bd3+ 32. Ka1 Nxd4 33. Ne1 Rc7 34.
Bh4 Qxh4 35. Rxg8+ Kxg8 36. Qxd4 Qxh5 37. Qxd5+ Qf7 38. Qd8+ Bf8 39. Nxd3 Rd7
40. Rg1+ Kh8 41. Ne5 Qg7 42. Rxg7 Rxd8 43. Rg1 Rd2 44. Nf7# 1-0

[Event "6. Lovsprings EMT Basis 1 1994"]
[Site "Ringsted"]
[Date "1994.05.01"]]
[Round "5"]
[White "Jorgensen, Lars"]
[Black "Larsen, Bjorn"]
[Result "1/2-1/2"]
[WhiteElo "1748"]
[BlackElo "1877"]
[PlyCount "46"]
[EventDate "1994.??.??"]

1. e4 c5 2. Nf3 Nc6 3. d4 cxd4 4. Nxd4 Nf6 5. Nc3 e5 6. Ndb5 d6 7. Bg5 a6 8.
Na3 b5 9. Nd5 Be7 10. Nxe7 Nxe7 11. f3 O-O 12. Bd3 Be6 13. O-O Rc8 14. c3 Qb6+
15. Kh1 Ng6 16. Nc2 Nh5 17. Be3 Qd8 18. Nb4 Ngf4 19. Rf2 a5 20. Nc2 Rb8 21. Bf1
Qe7 22. Rd2 Rfd8 23. Na3 d5 1/2-1/2

[Event "6. Lovsprings EMT Basis 1 1994"]
[Site "Ringsted"]
[Date "1994.05.01"]]
[Round "5"]
[White "Holst, Peter Stein"]
[Black "Larsen, Soren M"]
[Result "1/2-1/2"]
[WhiteElo "1752"]
[BlackElo "1848"]
[PlyCount "81"]
[EventDate "1994.??.??"]

1. e4 c5 2. Nf3 Nc6 3. d4 cxd4 4. Nxd4 Nf6 5. Nc3 e5 6. Ndb5 d6 7. Bg5 a6 8.
Na3 b5 9. Bxf6 gxf6 10. Nd5 f5 11. g3 fxe4 12. Bg2 Bf5 13. f3 Bg7 14. fxe4 Be6
15. c3 Bxd5 16. exd5 Ne7 17. O-O O-O 18. Nc2 f5 19. Kh1 a5 20. a3 Qb6 21. Qe2
Rf7 22. Rad1 Raf8 23. Ne1 b4 24. axb4 axb4 25. Ra1 bxc3 26. bxc3 e4 27. Ra6 Qc5
28. c4 Rc8 29. Ra4 Rff8 30. Bh3 Rb8 31. Ra2 Rb4 32. Rc2 Rc8 33. Bxf5 Nxf5 34.
Rxf5 Rxc4 35. Rxc4 Qxc4 36. Qe3 Qd4 37. Qe2 e3 38. Rf3 Qxd5 39. Qxe3 Rf8 40.
Kg2 Rxf3 41. Nxf3 1/2-1/2

[Event "6. Lovsprings EMT Basis 1 1994"]
[Site "Ringsted"]
[Date "1994.05.01"]]
[Round "5"]
[White "Rasmussen, Steen H"]
[Black "Rasmussen, Henning"]
[Result "1-0"]
[WhiteElo "1853"]
[BlackElo "1883"]
[PlyCount "111"]
[EventDate "1994.??.??"]

1. e4 e6 2. Nf3 d5 3. e5 c5 4. b4 cxb4 5. d4 Ne7 6. a3 Nf5 7. axb4 Bxb4+ 8. c3
Be7 9. Bd3 Nh4 10. Nxh4 Bxh4 11. Qg4 g6 12. Bh6 Be7 13. O-O Bf8 14. Bd2 Be7 15.
Na3 O-O 16. Nc2 Nd7 17. Rae1 f5 18. exf6 Nxf6 19. Qd1 Bd7 20. Ne3 Bd6 21. Ng4
Nxg4 22. Qxg4 Rf7 23. Qe2 Qc7 24. h4 Bf4 25. h5 g5 26. g3 Bxd2 27. Qxd2 h6 28.
Re5 Raf8 29. f4 gxf4 30. Bg6 Rg7 31. Rxf4 Rxf4 32. Qxf4 Qxc3 33. Re2 Qc8 34.
Qxh6 Be8 35. Rxe6 Bxg6 36. Rxg6 Rxg6 37. Qxg6+ Kh8 38. Qh6+ Kg8 39. Qg5+ Kh7
40. Qxd5 Qc1+ 41. Kh2 Qc2+ 42. Kh3 Qc7 43. Qf5+ Kg8 44. Qe6+ Kh7 45. d5 Qc1 46.
g4 Qh1+ 47. Kg3 Qg1+ 48. Kh4 Qh2+ 49. Kg5 Qd2+ 50. Kf6 Qh6+ 51. Kf7 Qg7+ 52.
Ke8 Qh8+ 53. Ke7 Qb8 54. d6 b5 55. Qg6+ Kh8 56. h6 1-0

[Event "6. Lovsprings EMT Basis 1 1994"]
[Site "Ringsted"]
[Date "1994.05.01"]]
[Round "5"]
[White "Lindskov, Villy"]
[Black "Christensen, Henrik"]
[Result "0-1"]
[WhiteElo "1785"]
[BlackElo "1804"]
[PlyCount "52"]
[EventDate "1994.??.??"]

1. e4 d5 2. exd5 Qxd5 3. Nc3 Qa5 4. d4 Nf6 5. Nf3 Bf5 6. Bc4 e6 7. Bd2 Bb4 8.
a3 Bxc3 9. Bxc3 Qb6 10. b3 Nc6 11. O-O Ne4 12. Bb2 Bg4 13. Qe2 Ng5 14. d5 Bxf3
15. gxf3 Nd4 16. Bxd4 Qxd4 17. Kh1 Qf4 18. Rg1 Nxf3 19. Rg3 Nd4 20. Qd3 O-O-O
21. dxe6 Nxe6 22. Bxe6+ fxe6 23. Qe3 Qxe3 24. fxe3 g6 25. Rf1 Rhf8 26. Rxf8
Rxf8 0-1

[Event "6. Lovsprings EMT Basis 1 1994"]
[Site "Ringsted"]
[Date "1994.05.01"]]
[Round "5"]
[White "Mott, Jens"]
[Black "Hansen, Morten Lyck"]
[Result "1-0"]
[WhiteElo "1838"]
[BlackElo "1826"]
[PlyCount "67"]
[EventDate "1994.??.??"]

1. c4 e5 2. Nc3 Nc6 3. g3 g6 4. Bg2 Bg7 5. d3 Nge7 6. h4 d6 7. Bd2 Bf5 8. b4
Qc8 9. Rb1 O-O 10. h5 Re8 11. Qc1 Nd8 12. Bh6 Bh8 13. Nf3 Bg4 14. Nd5 Nxd5 15.
cxd5 Bxf3 16. Bxf3 c6 17. hxg6 fxg6 18. Qa3 Qd7 19. Qa4 Bg7 20. Be3 Qf7 21.
dxc6 bxc6 22. b5 Rb8 23. Bxa7 cxb5 24. Rxb5 Rxb5 25. Qxb5 Kh8 26. Bd5 Qe7 27.
Be3 Ne6 28. O-O Nd4 29. Qb2 Nf5 30. Bd2 Rc8 31. Rc1 Rxc1+ 32. Qxc1 h5 33. Qc8+
Kh7 34. Qg8# 1-0

[Event "6. Lovsprings EMT Basis 1 1994"]
[Site "Ringsted"]
[Date "1994.05.01"]]
[Round "5"]
[White "Larsen, Jacob"]
[Black "Flindt, Thomas"]
[Result "0-1"]
[WhiteElo "1759"]
[BlackElo "1780"]
[PlyCount "118"]
[EventDate "1994.??.??"]

1. d4 e5 2. dxe5 Nc6 3. Nf3 Qe7 4. Nc3 Nxe5 5. Nd5 Nxf3+ 6. gxf3 Qd8 7. Bf4 d6
8. c4 c6 9. Nc3 Qf6 10. Qd2 Bf5 11. O-O-O Be7 12. e4 Bg6 13. Bxd6 Nh6 14. e5
Qe6 15. h4 O-O 16. Bh3 Bf5 17. Bxe7 Qxe7 18. Bxf5 Nxf5 19. Qf4 Qe6 20. Qe4 b5
21. cxb5 cxb5 22. Qd5 Qh6+ 23. Kb1 b4 24. Ne4 b3 25. axb3 Qb6 26. Rhg1 Kh8 27.
Qd7 Nxh4 28. Ng5 Qg6+ 29. Ne4 Qe6 30. Qxe6 fxe6 31. Rd7 Ng6 32. Nc5 Nxe5 33.
Rdxg7 Nxf3 34. R1g3 Nd4 35. Rd7 Rfd8 36. Rgg7 Rxd7 37. Rxd7 e5 38. Ne4 Rf8 39.
Rxa7 Rf4 40. Ng5 Rxf2 41. Nf7+ Kg8 42. Nxe5 Rf1+ 43. Ka2 Nc2 44. b4 Ra1+ 45.
Kb3 Rxa7 46. Kxc2 Kg7 47. Kd3 Kf6 48. Nf3 Kf5 49. Nd4+ Kg4 50. b5 h5 51. Nc6
Rb7 52. Kc4 h4 53. Ne5+ Kf5 54. Nf3 h3 55. Kc5 Kf4 56. Nh2 Rc7+ 57. Kd6 Rc2 58.
b4 Rxh2 59. b6 Rg2 0-1

[Event "6. Lovsprings EMT Basis 1 1994"]
[Site "Ringsted"]
[Date "1994.05.01"]]
[Round "5"]
[White "Jensen, Karsten"]
[Black "Pedersen, Henrik Dahl"]
[Result "1-0"]
[WhiteElo "1828"]
[BlackElo "1875"]
[PlyCount "37"]
[EventDate "1994.??.??"]

1. d4 f5 2. Bg5 d6 3. e3 g6 4. h4 Bg7 5. Nc3 h6 6. Bf4 Nf6 7. Bc4 Nc6 8. Nf3 e6
9. d5 exd5 10. Nxd5 Be6 11. Nxc7+ Qxc7 12. Bxe6 Qa5+ 13. c3 d5 14. Be5 Nxe5 15.
Nxe5 Ne4 16. Nxg6 Nxc3 17. Qd2 Qb6 18. Bxf5 Ne4 19. Qxd5 1-0

[Event "6. Lovsprings EMT Basis 1 1994"]
[Site "Ringsted"]
[Date "1994.05.01"]]
[Round "5"]
[White "Madsen, Morten"]
[Black "Hansen, Jens Hjort"]
[Result "1-0"]
[WhiteElo "1758"]
[BlackElo "1807"]
[PlyCount "89"]
[EventDate "1994.??.??"]

1. e4 e5 2. Nf3 Nc6 3. d4 exd4 4. c3 d5 5. exd5 Qxd5 6. cxd4 Bg4 7. Be2 Nf6 8.
O-O Qd7 9. Bb5 Bd6 10. Re1+ Be6 11. Bg5 Nd5 12. Nbd2 h6 13. Bh4 a6 14. Bxc6
Qxc6 15. Rc1 Qb5 16. Qc2 O-O 17. a3 Nf4 18. a4 Qd5 19. Re3 Qh5 20. Ne4 Qg4 21.
Bg3 Bf5 22. Rce1 Nd5 23. R3e2 Bxg3 24. hxg3 Rfe8 25. Ne5 Qh5 26. Qb3 Rad8 27.
Qxb7 Re6 28. Qb3 Rb6 29. Qf3 Qxf3 30. gxf3 Nb4 31. g4 Be6 32. Rd2 Bb3 33. Nc5
Bd5 34. Kg2 Nc6 35. Nxc6 Rxc6 36. b4 a5 37. b5 Rxc5 38. dxc5 Bxf3+ 39. Kxf3
Rxd2 40. Re7 Rd4 41. Rxc7 Rxa4 42. Ra7 Ra3+ 43. Kg2 Kf8 44. b6 Rb3 45. b7 1-0

[Event "6. Lovsprings EMT Basis 1 1994"]
[Site "Ringsted"]
[Date "1994.05.08"]]
[Round "6"]
[White "Jorgensen, Gert"]
[Black "Larsen, Bjorn"]
[Result "1-0"]
[WhiteElo "1785"]
[BlackElo "1877"]
[PlyCount "65"]
[EventDate "1994.??.??"]

1. d4 f5 2. Nf3 Nf6 3. c4 g6 4. Nc3 Bg7 5. Bg5 O-O 6. Qc1 d6 7. Bh6 Re8 8. Bxg7
Kxg7 9. Qg5 e5 10. dxe5 dxe5 11. h4 h6 12. Qd2 Qxd2+ 13. Nxd2 e4 14. e3 Na6 15.
Nb3 Be6 16. c5 Nb4 17. Nd4 Rad8 18. Rd1 Bf7 19. Ncb5 a6 20. Nxc7 Nc2+ 21. Nxc2
Rxd1+ 22. Kxd1 Rc8 23. Nxa6 bxa6 24. Bxa6 Rxc5 25. Nb4 Nd5 26. Nxd5 Bxd5 27.
Kd2 Ra5 28. Be2 Rxa2 29. Kc3 Kf6 30. Rd1 Be6 31. Rd6 Ra1 32. Bc4 Rc1+ 33. Kb3
1-0

[Event "6. Lovsprings EMT Basis 1 1994"]
[Site "Ringsted"]
[Date "1994.05.08"]]
[Round "6"]
[White "Hansen, Jens Hjort"]
[Black "Pedersen, Henrik Dahl"]
[Result "1-0"]
[WhiteElo "1807"]
[BlackElo "1875"]
[PlyCount "29"]
[EventDate "1994.??.??"]

1. d4 f5 2. g4 fxg4 3. e4 d6 4. Nc3 Nc6 5. h3 gxh3 6. Bg5 Nf6 7. Bxf6 exf6 8.
Nxh3 Bd7 9. Nf4 Ne7 10. Ncd5 Nxd5 11. Qh5+ g6 12. Nxg6 Bg4 13. Qxg4 Rg8 14.
Qe6+ Ne7 15. Rxh7 1-0

[Event "6. Lovsprings EMT Basis 1 1994"]
[Site "Ringsted"]
[Date "1994.05.08"]]
[Round "6"]
[White "Madsen, Morten"]
[Black "Rasmussen, Henning"]
[Result "1-0"]
[WhiteElo "1758"]
[BlackElo "1883"]
[PlyCount "128"]
[EventDate "1994.??.??"]

1. e4 e6 2. d4 d5 3. e5 c5 4. c3 Nc6 5. Nf3 Qb6 6. Be2 cxd4 7. cxd4 Bb4+ 8. Nc3
Nge7 9. a3 Bxc3+ 10. bxc3 Bd7 11. O-O Rc8 12. Bg5 O-O 13. Rb1 Qc7 14. Bd3 f5
15. exf6 gxf6 16. Bh4 Be8 17. Re1 Nd8 18. Re3 Bg6 19. Bg3 Qd7 20. Bxg6 hxg6 21.
Nh4 Kg7 22. h3 Rc6 23. Qc2 Nf7 24. Qa4 a6 25. Qb3 b6 26. Qc2 Rfc8 27. Bh2 Ng5
28. Qb2 Ne4 29. Rc1 b5 30. g4 g5 31. Ng2 Ng6 32. Ne1 Nd6 33. Bxd6 Qxd6 34. Nd3
Nf4 35. Nxf4 gxf4 36. Rf3 e5 37. Qd2 Qxa3 38. g5 fxg5 39. dxe5 Qc5 40. Rd3 Rd8
41. h4 Rg6 42. h5 Rh6 43. Qe2 Qc8 44. Rcd1 Qe6 45. Qf3 Qf5 46. Rd4 g4 47. Rxf4
gxf3 48. Rxf5 Re6 49. Rd4 Rc8 50. Rd3 Rf8 51. Rxf8 Kxf8 52. Rxf3+ Ke7 53. Rh3
Rxe5 54. h6 Rg5+ 55. Kf1 Rg8 56. Ke2 Rh8 57. Kd3 Rh7 58. Kd4 Kd6 59. Rh5 Kc6
60. Ke5 a5 61. Kd4 b4 62. cxb4 axb4 63. Rh3 Kd6 64. f4 Kc6 1-0

[Event "6. Lovsprings EMT Basis 1 1994"]
[Site "Ringsted"]
[Date "1994.05.08"]]
[Round "6"]
[White "Larsen, Jacob"]
[Black "Lindskov, Villy"]
[Result "1/2-1/2"]
[WhiteElo "1759"]
[BlackElo "1785"]
[PlyCount "126"]
[EventDate "1994.??.??"]

1. d4 Nf6 2. f3 d6 3. e4 g6 4. c4 Bg7 5. Nc3 O-O 6. Be3 c6 7. Qd2 e5 8. O-O-O
Qc7 9. g4 Nbd7 10. g5 Nh5 11. d5 c5 12. Nb5 Qb8 13. a4 f6 14. h4 a6 15. Nc3 Nb6
16. gxf6 Bxf6 17. a5 Nd7 18. Bh6 Bg7 19. Bxg7 Kxg7 20. Na4 b5 21. axb6 Nxb6 22.
Nxb6 Qxb6 23. Bh3 Rb8 24. Bxc8 Rfxc8 25. Nh3 Qb3 26. Qc3 Rf8 27. Rd3 Qa2 28.
Qc2 Rb4 29. b3 Qa1+ 30. Qb1 Qxb1+ 31. Kxb1 Rfb8 32. Kc2 a5 33. Ra1 Ra8 34. Rc3
h6 35. Kd2 Kf6 36. Ke3 a4 37. bxa4 Rbxa4 38. Rxa4 Rxa4 39. Nf2 Nf4 40. Ng4+ Kg7
41. Rb3 Ra7 42. Rb6 h5 43. Rxd6 hxg4 44. fxg4 Ra4 45. Rd7+ Kf8 46. d6 Rxc4 47.
Re7 Rc3+ 48. Kf2 Rd3 49. Rxe5 Rxd6 50. Ke3 Ne6 51. h5 gxh5 52. gxh5 Kg7 53. Rd5
Rc6 54. e5 Rc7 55. Rd6 Kf7 56. h6 Ke7 57. Ke4 c4 58. Kf5 Nf8 59. Rd1 c3 60. Rc1
Kf7 61. Rg1 Ke8 62. Rc1 Ke7 63. Rg1 Ke8 1/2-1/2

[Event "6. Lovsprings EMT Basis 1 1994"]
[Site "Ringsted"]
[Date "1994.05.08"]]
[Round "6"]
[White "Hansen, Morten Lyck"]
[Black "Jensen, Karsten"]
[Result "0-1"]
[WhiteElo "1826"]
[BlackElo "1828"]
[PlyCount "119"]
[EventDate "1994.??.??"]

1. e4 c5 2. Nf3 e6 3. d4 cxd4 4. Nxd4 Nc6 5. Nc3 Be7 6. Be2 Qb6 7. Ndb5 Bc5 8.
O-O Nd4 9. Nxd4 Bxd4 10. Nb5 Be5 11. Be3 Qc6 12. Qd3 Nf6 13. f4 Bb8 14. e5 Nd5
15. Bf3 a6 16. Bxd5 Qxb5 17. Qxb5 axb5 18. Be4 O-O 19. Bd3 b4 20. Bc5 Ba7 21.
Bxa7 Rxa7 22. Bc4 b6 23. Rad1 Rd8 24. Rf2 Bb7 25. Rd6 Bc6 26. Rfd2 Rc8 27. Bb3
Kf8 28. R6d4 Ke7 29. Rxb4 b5 30. Rbd4 f6 31. a3 Rf8 32. Rf2 Raa8 33. Rdd2 b4
34. h3 bxa3 35. bxa3 Rxa3 36. Rfe2 fxe5 37. fxe5 Ra1+ 38. Kh2 Rff1 39. Kg3 Rae1
40. Bc4 Rxe2 41. Rxe2 Rf5 42. h4 g5 43. Bd3 gxh4+ 44. Kxh4 Rf1 45. Kg3 Rf7 46.
Be4 Bxe4 47. Rxe4 Rf5 48. Kh2 h5 49. c4 Kd8 50. g4 hxg4 51. Kg3 Rg5 52. Kf4 Rg7
53. Kg3 Kc7 54. Rxg4 Rxg4+ 55. Kxg4 Kc6 56. Kf4 Kc5 57. Ke3 Kxc4 58. Ke4 Kc5
59. Ke3 Kd5 60. Kf4 0-1

[Event "6. Lovsprings EMT Basis 1 1994"]
[Site "Ringsted"]
[Date "1994.05.08"]]
[Round "6"]
[White "Flindt, Thomas"]
[Black "Rasmussen, Steen H"]
[Result "1-0"]
[WhiteElo "1780"]
[BlackElo "1853"]
[PlyCount "109"]
[EventDate "1994.??.??"]

1. e4 c6 2. d4 d5 3. e5 Bf5 4. Bd3 Bxd3 5. Qxd3 e6 6. Be3 Qb6 7. Nc3 Qa6 8.
Nge2 Qxd3 9. cxd3 Ne7 10. O-O Na6 11. a3 Nf5 12. b4 Nc7 13. Rfb1 Be7 14. Na4
O-O 15. Nc5 b6 16. Nb3 Rac8 17. Rc1 Na6 18. Rc2 Rc7 19. Rac1 Rfc8 20. Nc3 Nxe3
21. fxe3 Bg5 22. Kf2 h5 23. Na1 Nb8 24. Nb5 Rd7 25. Nd6 Rf8 26. b5 cxb5 27.
Nxb5 f6 28. Rc8 fxe5+ 29. Rxf8+ Kxf8 30. dxe5 Na6 31. Rc8+ Kf7 32. d4 Be7 33.
Nc2 Rb7 34. Ra8 Nc7 35. Rxa7 Rxa7 36. Nxa7 Ke8 37. Nc8 b5 38. Nxe7 Kxe7 39. Kf3
Na8 40. e4 Nb6 41. Ne3 Nc4 42. exd5 Nxa3 43. dxe6 Kxe6 44. Ke4 b4 45. d5+ Kf7
46. Kd3 b3 47. Kc3 b2 48. Kxb2 Nb5 49. Kb3 g5 50. Kc4 Nc7 51. Kc5 g4 52. Kc6
Ne8 53. Nf5 Kg6 54. d6 Ng7 55. Nxg7 1-0

[Event "6. Lovsprings EMT Basis 1 1994"]
[Site "Ringsted"]
[Date "1994.05.08"]]
[Round "6"]
[White "Mott, Jens"]
[Black "Holst, Peter Stein"]
[Result "1/2-1/2"]
[WhiteElo "1838"]
[BlackElo "1752"]
[PlyCount "110"]
[EventDate "1994.??.??"]

1. e4 c6 2. d4 d5 3. e5 Bf5 4. c3 e6 5. Be3 Qb6 6. Qb3 Bxb1 7. Rxb1 Nd7 8. f4
Nh6 9. Nf3 Nf5 10. Bf2 h5 11. g3 Be7 12. Bd3 g6 13. h3 c5 14. Qxb6 axb6 15. a3
c4 16. Bc2 b5 17. Ke2 Nb6 18. g4 Ng7 19. Be3 Na4 20. Rh2 Kd7 21. Kd2 hxg4 22.
hxg4 Rxh2+ 23. Nxh2 Rh8 24. Nf1 Rh4 25. Bd1 Rh1 26. Be2 Kc6 27. b4 Rh3 28. Rc1
Kd7 29. Rc2 Ke8 30. Bf2 Kd7 31. Ne3 Rh2 32. Bg1 Rh1 33. Rc1 Ke8 34. Bf3 Rh3 35.
Bg2 Rh4 36. Bf2 Rh8 37. Rg1 Kd7 38. f5 gxf5 39. gxf5 Bg5 40. Bxd5 Bxe3+ 41.
Bxe3 Nxf5 42. Rh1 Rxh1 43. Bxh1 Nxe3 44. Kxe3 Nxc3 45. Kd2 Nd5 46. Bf3 Ke7 47.
Be2 Nf4 48. Bd1 Nd5 49. Bc2 f6 50. exf6+ Kxf6 51. Ke2 Ke7 52. Kd2 Kd6 53. Bg6
Ne7 54. Be4 Nd5 55. Bg6 Ne7 1/2-1/2

[Event "6. Lovsprings EMT Basis 1 1994"]
[Site "Ringsted"]
[Date "1994.05.08"]]
[Round "6"]
[White "Larsen, Soren M"]
[Black "Jorgensen, Lars"]
[Result "0-1"]
[WhiteElo "1848"]
[BlackElo "1748"]
[PlyCount "98"]
[EventDate "1994.??.??"]

1. e4 c5 2. Nf3 d6 3. d4 cxd4 4. Nxd4 Nf6 5. Nc3 g6 6. Be3 Bg7 7. Qd2 O-O 8. f3
Nc6 9. Nxc6 bxc6 10. O-O-O Be6 11. g4 Qa5 12. a3 Rab8 13. Nb1 Qxd2+ 14. Rxd2
Nxg4 15. Bd4 Ne5 16. f4 Nc4 17. Bxg7 Kxg7 18. Bxc4 Bxc4 19. h4 Rb7 20. b3 Rfb8
21. Rh3 Be6 22. Rg3 a5 23. Nc3 c5 24. Rdg2 Bd7 25. f5 e6 26. fxg6 fxg6 27. h5
Be8 28. Kd2 Kh6 29. hxg6 Bxg6 30. Ne2 Rf8 31. Ke3 Rbf7 32. Nc3 Kg7 33. Nb5 d5
34. exd5 exd5 35. c3 Re7+ 36. Kd2 Rf1 37. Re3 Rb7 38. c4 Rb1 39. Rg5 Rf7 40.
Rxg6+ hxg6 41. cxd5 Rf2+ 42. Kc3 Rfb2 43. Kc4 Rc2+ 44. Nc3 Rbc1 45. d6 Kf7 46.
a4 Rxc3+ 47. Rxc3 Rxc3+ 48. Kxc3 Ke6 49. Kc4 Kxd6 0-1

[Event "6. Lovsprings EMT Basis 1 1994"]
[Site "Ringsted"]
[Date "1994.05.08"]]
[Round "6"]
[White "Dongart, Dennis"]
[Black "Christensen, Henrik"]
[Result "1/2-1/2"]
[WhiteElo "1886"]
[BlackElo "1804"]
[PlyCount "56"]
[EventDate "1994.??.??"]

1. e4 d5 2. exd5 Qxd5 3. Nc3 Qa5 4. d4 Nf6 5. Bc4 Bf5 6. Bd2 c6 7. Nf3 e6 8.
O-O Bb4 9. Re1 O-O 10. a3 Bxc3 11. Bxc3 Qc7 12. Bd3 Bxd3 13. Qxd3 Nbd7 14. Ng5
Rad8 15. Re3 h6 16. Ne4 Nxe4 17. Qxe4 Nf6 18. Qh4 Nd5 19. Rg3 Nf4 20. Re1 Rd5
21. Bd2 Ng6 22. Qg4 c5 23. c3 cxd4 24. cxd4 e5 25. Bc3 exd4 26. Bxd4 Rfd8 27.
Bc3 Qd6 28. h3 Rg5 1/2-1/2

[Event "6. Lovsprings EMT Basis 1 1994"]
[Site "Ringsted"]
[Date "1994.05.22"]]
[Round "7"]
[White "Holst, Peter Stein"]
[Black "Jorgensen, Gert"]
[Result "1/2-1/2"]
[WhiteElo "1752"]
[BlackElo "1785"]
[PlyCount "21"]
[EventDate "1994.??.??"]

1. e4 c5 2. Nf3 Nc6 3. d4 cxd4 4. Nxd4 d6 5. Nc3 Nf6 6. Bg5 Nd7 7. Qd2 Nc5 8.
f3 Nxd4 9. Qxd4 Ne6 10. Qd2 Nxg5 11. Qxg5 1/2-1/2

[Event "6. Lovsprings EMT Basis 1 1994"]
[Site "Ringsted"]
[Date "1994.05.22"]]
[Round "7"]
[White "Rasmussen, Steen H"]
[Black "Larsen, Soren M"]
[Result "1/2-1/2"]
[WhiteElo "1853"]
[BlackElo "1848"]
[PlyCount "29"]
[EventDate "1994.??.??"]

1. e4 c5 2. d4 cxd4 3. Nf3 d6 4. c3 dxc3 5. Nxc3 Nf6 6. Bc4 g6 7. e5 d5 8. Bb5+
Nfd7 9. Qxd5 e6 10. Qe4 Bg7 11. h4 Qc7 12. Bf4 Nc6 13. Bxc6 Qxc6 14. Qxc6 bxc6
15. Ne4 1/2-1/2